000 00499nam a2200181 i 4500
001 150706
003 ES-MaACL
005 20251203063032.0
007 t|
008 071106s1951 sp ||||1| spa d
100 1 _aBergua, Juan B.,
_d1892-1991
_928018
245 1 0 _aTopografía /
_cJesús de Federico.
250 _a2ª ed.
260 _aMadrid :
_bEdic. Ibéricas,
_c[1951?]
300 _a86 p. :
_bil. ;
_c19 cm.
852 _aES-MaACL
_jD-7938
_bR.32257
999 _c150706
_d150706